What is a wheel and axle? / (Record no. 1892)

MARC details
000 -LEADER
fixed length control field 01251cam a22003854a 4500
001 - CONTROL NUMBER
control field 1892
003 - CONTROL NUMBER IDENTIFIER
control field FISKH
005 - DATE AND TIME OF LATEST TRANSACTION
control field 20231009085604.0
008 - FIXED-LENGTH DATA ELEMENTS--GENERAL INFORMATION
fixed length control field 020129s2002 ctua b b 001 0 eng
010 ## - LIBRARY OF CONGRESS CONTROL NUMBER
LC control number 2002001412
020 ## - INTERNATIONAL STANDARD BOOK NUMBER
International Standard Book Number 9780516240275
020 ## - INTERNATIONAL STANDARD BOOK NUMBER
International Standard Book Number 0516240277
040 ## - CATALOGING SOURCE
Original cataloging agency DLC
Transcribing agency DLC
Modifying agency DLC
Language of cataloging eng
042 ## - AUTHENTICATION CODE
Authentication code pcc
-- lcac
050 00 - LIBRARY OF CONGRESS CALL NUMBER
Classification number TJ181.5
Item number .D68 2002
082 00 - DEWEY DECIMAL CLASSIFICATION NUMBER
Classification number 621.8/11
Edition number 21
100 1# - MAIN ENTRY--PERSONAL NAME
Personal name Douglas, Lloyd G.
245 10 - TITLE STATEMENT
Title What is a wheel and axle? /
Statement of responsibility, etc. by Lloyd G. Douglas.
260 ## - PUBLICATION, DISTRIBUTION, ETC.
Place of publication, distribution, etc. Danbury, Conn. :
Name of publisher, distributor, etc. Scholastic,
Date of publication, distribution, etc. 2002.
300 ## - PHYSICAL DESCRIPTION
Extent 24 pages :
Other physical details color illustrations ;
Dimensions 16 × 18 cm.
490 1# - SERIES STATEMENT
Series statement Simple machines
500 ## - GENERAL NOTE
General note
505 ## - FORMATTED CONTENTS NOTE
Formatted contents note G<br/>
520 ## - SUMMARY, ETC.
Summary, etc. Introduces the wheel and axle as a simple machine that can make it easier to move heavy objects, as well as to flatten dough.
521 8# - TARGET AUDIENCE NOTE
Target audience note 390<br/>
Source Lexile<br/>
521 8# - TARGET AUDIENCE NOTE
Target audience note G<br/>
Source Raz-Plus<br/>
650 #0 - SUBJECT ADDED ENTRY--TOPICAL TERM
Topical term or geographic name entry element Wheels
Form subdivision Juvenile literature.
650 #0 - SUBJECT ADDED ENTRY--TOPICAL TERM
Topical term or geographic name entry element Axles
Form subdivision Juvenile literature.
650 #1 - SUBJECT ADDED ENTRY--TOPICAL TERM
Topical term or geographic name entry element Wheels.
650 #1 - SUBJECT ADDED ENTRY--TOPICAL TERM
Topical term or geographic name entry element Axles.
800 1# - SERIES ADDED ENTRY--PERSONAL NAME
Personal name Douglas, Lloyd G.
Title of a work Simple machines.
906 ## - LOCAL DATA ELEMENT F, LDF (RLIN)
a 7
b cbc
c orignew
d 1
e ecip
f 20
g y-gencatlg
942 ## - ADDED ENTRY ELEMENTS (KOHA)
Source of classification or shelving scheme Dewey Decimal Classification
Koha item type Books
Suppress in OPAC No
Holdings
Withdrawn status Lost status Source of classification or shelving scheme Damaged status Not for loan Collection Home library Current library Shelving location Date acquired Total Checkouts Full call number Barcode Date last seen Copy number Price effective from Koha item type
    Dewey Decimal Classification     Non-Fiction Footprints International School Library Network Toul Kork Campus Footprints International School Library Network Toul Kork Campus TK Primary Library Room(4th Floor), Bookcase 1&2, Shelves 1-16, Dark Blue Books 10/09/2023   DOU 621.8 TJ181.D68 FISBK02155 10/09/2023 1 10/09/2023 Books
    Dewey Decimal Classification     Non-Fiction Footprints International School Library Network Toul Kork Campus Footprints International School Library Network Toul Kork Campus TK Primary Library Room(4th Floor), Bookcase 1&2, Shelves 1-16, Dark Blue Books 10/09/2023   DOU 621.8 TJ181.D68 FISBK02156 03/21/2024 2 10/09/2023 Books